ARRUPE JESUIT UNIVERSITY

CORONAVIRUS -STOP THE SPREAD - CLEAN,DISINFECT,COVER

Why I am a charismatic: (Record no. 130499)

MARC details
000 -LEADER
fixed length control field 00469nam a22001457a 4500
008 - FIXED-LENGTH DATA ELEMENTS--GENERAL INFORMATION
fixed length control field 201015b ||||| |||| 00| 0 eng d
020 ## - INTERNATIONAL STANDARD BOOK NUMBER
International Standard Book Number 0-89243-089-3
050 ## - LIBRARY OF CONGRESS CALL NUMBER
Classification number BX2350.57 C523
100 ## - MAIN ENTRY--PERSONAL NAME
Personal name Chervin, Ronda
9 (RLIN) 8072
245 ## - TITLE STATEMENT
Title Why I am a charismatic:
Remainder of title a Catholic explains
Statement of responsibility, etc by Ronda Chervin
260 ## - PUBLICATION, DISTRIBUTION, ETC. (IMPRINT)
Place of publication, distribution, etc St. Louis:
Name of publisher, distributor, etc Liguori publications,
Date of publication, distribution, etc 1978.
300 ## - PHYSICAL DESCRIPTION
Extent 121p.;
Dimensions 18cm.
650 ## - SUBJECT ADDED ENTRY--TOPICAL TERM
Topical term or geographic name as entry element Charismatic movement
General subdivision Catholic Church
9 (RLIN) 49870
942 ## - ADDED ENTRY ELEMENTS (KOHA)
Source of classification or shelving scheme Library of Congress Classification
Item type Monograph ( Printed materials)
Holdings
Withdrawn status Lost status Source of classification or shelving scheme Damaged status Not for loan Collection code Home library Current library Shelving location Date acquired Total Checkouts Full call number Barcode Date last seen Price effective from Koha item type
    Library of Congress Classification     Main Collection ARRUPE LIBRARY ARRUPE LIBRARY Main Collection 15/10/2020   BX2350.57 C523 46600008076 15/10/2020 15/10/2020 Monograph ( Printed materials)

 

Arrupe Library. PO Box MP320 Mt Pleasant, Harare, Zimbabwe
263 242 745411|librarian@aju.ac.zw